Shakespeare : (Record no. 158317)

MARC details
000 -LEADER
fixed length control field 00985nam a2200313 a 4500
001 - CONTROL NUMBER
control field vtls000153389
003 - CONTROL NUMBER IDENTIFIER
control field NLI
005 - DATE AND TIME OF LATEST TRANSACTION
control field 20210602101553.0
008 - FIXED-LENGTH DATA ELEMENTS--GENERAL INFORMATION
fixed length control field 101125t19751965enk 000 eng
020 ## - INTERNATIONAL STANDARD BOOK NUMBER
Terms of availability USD 5.95 (pbk.)
039 #9 - LEVEL OF BIBLIOGRAPHIC CONTROL AND CODING DETAIL [OBSOLETE]
-- 201011251616
-- VLOAD
040 0# - CATALOGING SOURCE
Original cataloging agency NLI
Language of cataloging eng
Transcribing agency VERGIS-2010
Description conventions AACR2
041 0# - LANGUAGE CODE
Language code of text/sound track or separate title eng
044 ## - COUNTRY OF PUBLISHING/PRODUCING ENTITY CODE
MARC country code enk
082 04 - DEWEY DECIMAL CLASSIFICATION NUMBER
Classification number 822.3309
100 1# - MAIN ENTRY--PERSONAL NAME
Personal name Jamieson, Michael
9 (RLIN) 301632
245 10 - TITLE STATEMENT
Title Shakespeare :
Remainder of title as you like it /
Statement of responsibility, etc. by Michal Jamieson
260 ## - PUBLICATION, DISTRIBUTION, ETC.
Place of publication, distribution, etc. London :
Name of publisher, distributor, etc. Edward Arnold,
Date of publication, distribution, etc. 1975 c1965
300 ## - PHYSICAL DESCRIPTION
Extent 69 p. ;
Dimensions 19 cm.
440 #0 - SERIES STATEMENT/ADDED ENTRY--TITLE
Title Studies in English literature ;
Volume/sequential designation no. 25
9 (RLIN) 101078
440 #0 - SERIES STATEMENT/ADDED ENTRY--TITLE
Title Barron's studies in literature.
9 (RLIN) 301633
600 10 - SUBJECT ADDED ENTRY--PERSONAL NAME
Personal name Shakespeare, William,
Dates associated with a name 1564-1616
Title of a work As you like it
9 (RLIN) 127071
650 #0 - SUBJECT ADDED ENTRY--TOPICAL TERM
Topical term or geographic name entry element English drama
General subdivision History and criticism
9 (RLIN) 95779
887 ## - NON-MARC INFORMATION FIELD
Content of non-MARC field
901 ## - LOCAL DATA ELEMENT A, LDA (RLIN)
a 425513
b 01.06.1976
902 ## - LOCAL DATA ELEMENT B, LDB (RLIN)
a E 822.3309 J 242
942 ## - ADDED ENTRY ELEMENTS (KOHA)
Source of classification or shelving scheme Dewey Decimal Classification
Koha item type Books
949 ## - LOCAL PROCESSING INFORMATION (OCLC)
-- VIRTUAITEM
-- 10000
-- 100
6 PUR000425513ENG
Holdings
Withdrawn status Lost status Damaged status Not for loan Collection code Home library Current library Shelving location Date acquired Total Checkouts Full call number Barcode Date last seen Price effective from Koha item type
        New English National Library of India National Library of India New English - Main Stack Division     E 822.3309 J 242 PUR000425513ENG 02/06/2021 02/06/2021 Books
                                                                           
web counter

Copyright ©2020 The National Library of India, Govt. of India ↔ Hosted by NVLI, MOC ↔ Technology and Design by National Library of India, Ministry of Culture, Govt. of India